Foot Statistiques - Statistiques

Statistiques générales
  • Ce quiz a été pris 107 fois
  • Le résultat moyen est 8 sur 15
Statistiques - réponses
Question Réponse % Correct
Quelles pays a remporté que un seul titre dans son histoire ? Angleterre
73%
Quelles est le seul africain a avoir gagné le ballon d'or ? Georges Weah
73%
Qui est le seul défenseur a avoir mis un triplé en ligue des champions ? Layvin Kurzawa
73%
Qui est le meilleur joueur de la coupe du monde 2018 ? Modric
73%
Qui est le joueur qui n a jamais été sur le podium du ballon d' or ? N' Golo Kanté
68%
Qui est le 3 ème meilleur passeur de l' histoire de la ligue des champions ? Angel Di Maria
64%
Quelle est le joueur a avoir jouer au Havre Riyad Mahrez
64%
Qui est le meilleur buteur de l histoire du PSG Kilian Mbappe
55%
Combien de fois le PSG ont gagné la ligue 1 ? 11
50%
Combien Messi a marqué de but avec l argentine ? 102
45%
Quelle est le seul joueur a avoir été élus meilleurs joueurs a deux mondiaux différents ? Lionel Messi
45%
Combien de fois Neymar a finis sur le podium du ballon d' or 2
36%
Quelles est le joueur de foot le plus rapide de l histoire ? Thierry Henry
18%
Qui est le meilleur buteur de l histoire de l Europa League ? Henrik Larsson
14%
Qui est le meilleur buteur de la coupe du monde 1994 ? Salenko
9%
Aucun quiz correspondant
Distribution des résultats
% des personnes avec chaque résultat
Percentile par nombre de réponses
Votre historique - résultats
Vous n’avez pas pris ce quiz